[Event "Borup Skovbo op"]
[Site "Borup"]
[Date "2014.09.06"]
[Round "2"]
[White "Hagerup, Per"]
[Black "Severinsen, Frank"]
[Result "0-1"]
[WhiteElo "1664"]
[BlackElo "1801"]
[PlyCount "58"]
[EventDate "2014.09.05"]
[EventType "swiss"]
[EventRounds "9"]
[EventCountry "DEN"]
[SourceTitle "CBM 162 Extra"]
[Source "ChessBase"]
[SourceDate "2014.10.17"]
[SourceVersion "1"]
[SourceVersionDate "2014.10.17"]
[SourceQuality "1"]

1. e4 Nc6 2. Nf3 f5 3. e5 d6 4. Bb5 dxe5 5. Bxc6+ bxc6 6. Nxe5 Qd5 7. d4 Ba6 8. f3 e6 9. Be3 Bd6 10. Nc3 Qa5 11. f4 Nf6 12. Bd2 Qb6 13. Qf3 Bxe5 14. fxe5 Nd5 15. Nxd5 cxd5 16. Bc3 0-0 17. a3 Rab8 18. Bb4 Rfe8 19. c3 Bc4 20. Rb1 Qb5 21. b3 Bd3 22. Rb2 Rb7 23. a4 Qa6 24. Kd2 Be4 25. Qe3 Qc6 26. Rg1 Reb8 27. g4 a5 28. gxf5 axb4 29. f6 bxc3+ 0-1